(Khmer) Jesus's life part 2: (Record no. 50063)
| 000 -LEADER | |
|---|---|
| fixed length control field | 00306nam a2200109 4500 |
| 020 ## - INTERNATIONAL STANDARD BOOK NUMBER | |
| International Standard Book Number | 9789924300106 |
| 245 ## - TITLE STATEMENT | |
| Title | (Khmer) Jesus's life part 2: |
| Statement of responsibility, etc | everyone's friend / |
| 260 ## - PUBLICATION, DISTRIBUTION, ETC. (IMPRINT) | |
| Place of publication, distribution, etc | Cambodia: |
| Name of publisher, distributor, etc | The Bible Society; |
| Date of publication, distribution, etc | 2016. |
| 300 ## - PHYSICAL DESCRIPTION | |
| Extent | 32 p. |
| Other physical details | col. ill. |
| Dimensions | 19 cm. |
| 490 ## - SERIES STATEMENT | |
| Series statement | Jesus life; |
| 942 ## - ADDED ENTRY ELEMENTS (KOHA) | |
| Source of classification or shelving scheme | |
| Koha item type | Khmer NON FIC Books |
| Withdrawn status | Lost status | Source of classification or shelving scheme | Damaged status | Not for loan | Collection code | Home library | Current library | Date acquired | Total Checkouts | Full call number | Barcode | Date last seen | Date checked out | Price effective from | Koha item type |
|---|---|---|---|---|---|---|---|---|---|---|---|---|---|---|---|
| Siem Riep | Asian Hope Secondary Library | Asian Hope Secondary Library | 01/14/2026 | 2 | KHMER 220.9505 JES | 208832 | 04/02/2026 | 03/26/2026 | 01/14/2026 | Khmer NON FIC Books |